Culture Générale. Niveau FACILE - Statistiques

Statistiques générales
  • Ce quiz a été pris 1 605 fois
  • Le résultat moyen est 7 sur 9
Statistiques - réponses
Question Réponse % Correct
Quelle est la capitale de la France ? Paris
100%
Qui a peint la Joconde ? Léonard de Vinci
96%
Quel est le plus grand océan sur Terre ? Océan Pacifique
92%
Quelle est la monnaie utilisée au Japon ? Yen
86%
Quel est le plus petit continent du monde Océanie
83%
Quel est l'instrument de musique à cordes, souvent associé à la musique classique, qui a quatre cordes ? Violon
78%
Quel gaz les plantes utilisent-elles pour la photosynthèse ? Dioxyde de Carbone (CO2)
76%
Quelle est la langue la plus parlée au monde ? Mandarin
72%
Qui a écrit "Roméo et Juliette" ? William Shakespeare
58%
Aucun quiz correspondant
Distribution des résultats
% des personnes avec chaque résultat
Percentile par nombre de réponses
Votre historique - résultats
Vous n’avez pas pris ce quiz